Strategy for the Development of Electromobility and its Impact on the National Economy of the Slovak Republic
Nástup elektromobility spôsobuje evolučné zmeny v automobilovom priemysle, ktoré súvisia s nástupom nových technológií. Ústredným prvkom takéhoto dopravného systému sú elektromobily, doplnené o nabíjaciu infraštruktúru, vhodné informačné technológie a legislatívu. Význam elektromobility vo svete dlh...
Salvato in:
| Autore principale: | |
|---|---|
| Altri autori: | , , |
| Natura: | Capitolo di libro |
| Lingua: | inglese |
| Soggetti: | |
| Tags: |
Nessun Tag, puoi essere il primo ad aggiungerne!!
|
MARC
| LEADER | 00000naa$a2200000$$$4500 | ||
|---|---|---|---|
| 001 | 0304309 | ||
| 005 | 20250729093800.1 | ||
| 041 | 0 | |a eng | |
| 044 | |a HR | ||
| 245 | 1 | 0 | |a Strategy for the Development of Electromobility and its Impact on the National Economy of the Slovak Republic |c Naqibullah Daneshjo, Peter Drábik, Ferdinand Daňo, Renáta Ševčíková |
| 520 | |a Nástup elektromobility spôsobuje evolučné zmeny v automobilovom priemysle, ktoré súvisia s nástupom nových technológií. Ústredným prvkom takéhoto dopravného systému sú elektromobily, doplnené o nabíjaciu infraštruktúru, vhodné informačné technológie a legislatívu. Význam elektromobility vo svete dlhodobo rastie a viaceré krajiny pripravujú národné politiky, ktoré zvažujú alternatívne pohony, realizujú sa pilotné projekty, elektromobilita sa integruje do dopravných stratégií. Stratégia rozvoja elektromobility a jej vplyv na národné hospodárstvo SR mapuje situáciu elektromobility vo vybraných krajinách Európskej únie, analyzuje odporúčania vyplývajúce zo strategických dokumentov Európskej únie a navrhuje politiku podpory elektromobility v r. Slovensko. | ||
| 610 | 2 | 0 | |a elektromobilita |
| 610 | 2 | 0 | |a elektromobily |
| 610 | 2 | 0 | |a hospodárstvo národné |
| 610 | 2 | 0 | |a priemysel automobilový |
| 610 | 2 | 0 | |a infraštruktúra |
| 100 | 1 | |a Daneshjo, Naqibullah, 1964- | |
| 700 | 1 | |a Drábik, Peter, 1981- | |
| 700 | 1 | |a Daňo, Ferdinand, 1959- | |
| 700 | 1 | |a Ševčíková, Renáta, 1982- | |